Welcome to the Holygrace Academy Library

Please use search bar below to get started

MALAYALAM MALAYALAM ENGLISH DICTIONARY (Record no. 2053)

MARC details
000 -LEADER
fixed length control field 00358nam a22001457a 4500
020 ## - INTERNATIONAL STANDARD BOOK NUMBER
ISBN 81-87430-13-3
082 ## - DEWEY DECIMAL CLASSIFICATION NUMBER
Classification number 030
Item number DAK/M
100 ## - MAIN ENTRY--AUTHOR NAME
Personal name DAKSHINAMOORTHI, M
245 ## - TITLE STATEMENT
Title MALAYALAM MALAYALAM ENGLISH DICTIONARY
250 ## - EDITION STATEMENT
Edition statement FOURTH EDITION
260 ## - PUBLICATION, DISTRIBUTION, ETC. (IMPRINT)
Place of publication TIRUVALLA
Name of publisher MERIDIAN PUBLISHERS
Year of publication 2011
300 ## - PHYSICAL DESCRIPTION
Number of Pages 1024
650 ## - SUBJECT ADDED ENTRY--TOPICAL TERM
Topical Term DICTIONARY
Geographic subdivision INDIA
942 ## - ADDED ENTRY ELEMENTS (KOHA)
Koha item type Books
Holdings
Withdrawn status Lost status Collection code Home library Current library Shelving location Date acquired Source of acquisition Cost, normal purchase price Full call number Accession Number Koha item type
    Reference Main Library Main Library SHELF 1 F -DICTIONARY,THEASAURUS 23/09/2014 purchase 445.00 030 DAK/M 07375 Books